000 00246nam a2200085Ia 4500
008 220120s9999||||xx |||||||||||||| ||und||
100 _aAmrutha
_912170
245 0 _aBluetooth based dataloger
260 _aCoorg Institute of Technology
_bPonnampet
_c2009
999 _c137756
_d137756